Dig it! : Building Bound to the Ground /

Ensayo sobre la relación entre las construcciones realizadas por el hombre a lo largo de la historia, con el medio ambiente y el suelo en el que asienta sus edificaciones. Se echa una mirada a las diversas etapas del devenir histórico y se pone la atención en algunos hitos del quehacer constructivo,...

Descripción completa

Guardado en:
Detalles Bibliográficos
Autor principal: Mastenbroek, Bjarne (autor)
Otros autores: Mecredy, Esther (autor) (autor), Baan, Iwan (fotógrafo) (fotógrafo)
Formato: Libro
Idioma:Inglés
Publicado: Colonia, Alemania : Taschen, 2021, c2021
Temas:
Etiquetas: Agrega una etiqueta
Sin etiquetas, Sé el primero en etiquetar este registro!

MARC

LEADER 00000nam^a2200000^a^4500
001 000446105
005 20250521000000.0
009 20260310123559.228
020 |a 978-3-8365-7817-2 
037 |a Acervo ITESO - Biblioteca 
041 |a ING 
082 |a 720. 108  |b MAS 
100 |a Mastenbroek, Bjarne  |e (autor) 
245 1 0 |a Dig it! :  |b Building Bound to the Ground /  |c B. Mastenbroek, E. Mecredy ; fotografía de I. Baan. 
264 4 |a Colonia, Alemania :  |b Taschen,  |c 2021, c2021 
300 |a 1390 p. 
336 |a texto  |b txt  |2 rdacontenido 
337 |a sin mediación  |b n  |2 rdamedio 
338 |a volumen  |b nc  |2 rdasoporte 
520 |a Ensayo sobre la relación entre las construcciones realizadas por el hombre a lo largo de la historia, con el medio ambiente y el suelo en el que asienta sus edificaciones. Se echa una mirada a las diversas etapas del devenir histórico y se pone la atención en algunos hitos del quehacer constructivo, que van desde la modificación de las cuevas, la ritualización de la vida, la domesticación de la naturaleza, la composición de comunidades, las fortificaciones, los espacios públicos, los jardines y el ecodiseño. 
521 |a Peticiones 2022 
649 |a XX 
650 |a Jardines 
650 |a Excavaciones 
650 |a Suelos 
650 |a Construcción -  |x Tema Principal 
650 |a Ecodiseño 
650 |a Diseño Arquitectónico -  |x Tema Principal 
650 |a Arquitectura del Paisaje 
650 |a Arquitectura y Sociedad 
650 |a Arquitectura -  |x Historia y Crítica 
650 |a Arquitectura -  |x Teoría 
700 |a Mecredy, Esther  |e (autor) 
700 |a Baan, Iwan  |e (fotógrafo) 
910 |a Fondo General 
920 |a Impresos - Libros 
930 |a Reserva Especial 
905 |a 103 
901 |a 0500372187  |b IT1  |c REE  |i C178824  |u 20250521 
902 |a https://opac.biblio.iteso.mx/vufind/Record/000446105